[Event "WCO2014"]
[Site "Tromso"]
[Date "2014.08.12"]
[Round "10.37"]
[WhiteID "1510550"]
[White "Rodsmoen Maud"]
[BlackID "205745"]
[Black "Dierckens Sarah"]
[Result "1-0"]
[LiveChessVersion "1.4.3"]
[BlackElo "1873"]
[WhiteElo "1805"]

1. e4 {[%clk 1:30:59]} e6 {[%clk 1:30:56]} 2. d4 {[%clk 1:31:27]} d5
{[%clk 1:31:20]} 3. Nc3 {[%clk 1:31:52]} Nf6 {[%clk 1:31:32]} 4. Bg5
{[%clk 1:32:19]} Be7 {[%clk 1:31:51]} 5. e5 {[%clk 1:32:46]} Nfd7
{[%clk 1:32:15]} 6. Bxe7 {[%clk 1:33:11]} Qxe7 {[%clk 1:32:36]} 7. f4
{[%clk 1:33:33]} a6 {[%clk 1:32:06]} 8. Nf3 {[%clk 1:33:19]} c5 {[%clk 1:31:16]}
9. Qd2 {[%clk 1:32:22]} Nc6 {[%clk 1:30:23]} 10. dxc5 {[%clk 1:31:13]} Qxc5
{[%clk 1:24:36]} 11. Bd3 {[%clk 1:30:02]} b5 {[%clk 1:18:36]} 12. Ne2
{[%clk 1:29:28]} Nb4 {[%clk 1:15:29]} 13. a3 {[%clk 1:26:42]} Nxd3+
{[%clk 1:15:00]} 14. cxd3 {[%clk 1:26:52]} Bb7 {[%clk 1:11:50]} 15. Rc1
{[%clk 1:25:14]} Qb6 {[%clk 1:11:54]} 16. d4 {[%clk 1:24:48]} O-O
{[%clk 1:10:38]} 17. O-O {[%clk 1:23:49]} f6 {[%clk 1:07:01]} 18. Rc2
{[%clk 1:19:59]} Rac8 {[%clk 1:05:21]} 19. Rfc1 {[%clk 1:16:03]} Rxc2
{[%clk 1:02:02]} 20. Rxc2 {[%clk 1:16:21]} fxe5 {[%clk 0:56:45]} 21. fxe5
{[%clk 1:14:09]} a5 {[%clk 0:42:31]} 22. b4 {[%clk 1:03:24]} axb4
{[%clk 0:36:13]} 23. Qxb4 {[%clk 0:46:58]} Nb8 {[%clk 0:18:13]} 24. Rb2
{[%clk 0:25:11]} Nc6 {[%clk 0:11:13]} 25. Qxb5 {[%clk 0:21:22]} Qxb5
{[%clk 0:11:36]} 26. Rxb5 {[%clk 0:21:47]} Ba6 {[%clk 0:10:44]} 27. Rb6
{[%clk 0:09:13]} Bxe2 {[%clk 0:11:06]} 28. Rxc6 {[%clk 0:09:41]} Bxf3
{[%clk 0:08:50]} 29. gxf3 {[%clk 0:10:10]} Rxf3 {[%clk 0:09:07]} 30. Rxe6
{[%clk 0:10:36]} Rxa3 {[%clk 0:09:09]} 31. Rd6 {[%clk 0:10:07]} Ra5
{[%clk 0:07:36]} 32. Rd7 {[%clk 0:08:37]} g5 {[%clk 0:05:38]} 33. Kg2
{[%clk 0:07:26]} h5 {[%clk 0:05:46]} 34. e6 {[%clk 0:03:20]} Ra2+
{[%clk 0:03:50]} 35. Kf3 {[%clk 0:03:10]} Ra3+ {[%clk 0:02:40]} 36. Ke2
{[%clk 0:02:46]} Ra2+ {[%clk 0:02:11]} 37. Kd3 {[%clk 0:01:41]} Ra3+
{[%clk 0:02:26]} 38. Kc2 {[%clk 0:01:30]} Ra2+ {[%clk 0:02:47]} 39. Kb3
{[%clk 0:01:13]} Rxh2 {[%clk 0:02:53]} 40. Rd8+ {[%clk 0:00:53]} Kg7
{[%clk 0:02:26]} 41. e7 {[%clk 0:00:33]} Re2 {[%clk 0:29:35]} 42. e8=Q
{[%clk 0:31:49]} Rxe8 {[%clk 0:30:00]} 43. Rxe8 {[%clk 0:32:16]} h4
{[%clk 0:29:57]} 44. Re5 {[%clk 0:27:43]} Kf6 {[%clk 0:29:44]} 45. Kc3
{[%clk 0:15:20]} h3 {[%clk 0:27:58]} 46. Kd3 {[%clk 0:14:05]} h2 {[%clk 0:24:49]}
47. Re1 {[%clk 0:14:20]} g4 {[%clk 0:24:46]} 48. Ke3 {[%clk 0:14:33]} Kf5
{[%clk 0:19:39]} 49. Rh1 {[%clk 0:13:58]} g3 {[%clk 0:19:32]} 1-0

[Event "WCO2014"]
[Site "Tromso"]
[Date "2014.08.12"]
[Round "10.17"]
[WhiteID "502340"]
[White "Tuominen Tanja"]
[BlackID "1800183"]
[Black "Richmond Jane"]
[Result "0-1"]
[LiveChessVersion "1.4.3"]
[BlackElo "2085"]
[WhiteElo "2103"]

1. e4 {[%clk 1:30:56]} e6 {[%clk 1:30:56]} 2. d4 {[%clk 1:31:09]} d5
{[%clk 1:31:21]} 3. exd5 {[%clk 1:31:10]} exd5 {[%clk 1:31:45]} 4. c4
{[%clk 1:31:20]} Nf6 {[%clk 1:22:54]} 5. Nc3 {[%clk 1:31:36]} Be7
{[%clk 1:21:43]} 6. Nf3 {[%clk 1:30:53]} O-O {[%clk 1:21:12]} 7. cxd5
{[%clk 1:29:03]} Nxd5 {[%clk 1:20:56]} 8. Bd3 {[%clk 1:29:13]} Be6
{[%clk 1:14:59]} 9. O-O {[%clk 1:26:20]} Nd7 {[%clk 1:14:20]} 10. Re1
{[%clk 1:18:10]} c6 {[%clk 1:11:44]} 11. Ne4 {[%clk 1:08:57]} Bg4
{[%clk 1:04:37]} 12. Ng3 {[%clk 1:08:37]} Bf6 {[%clk 1:03:31]} 13. h3
{[%clk 1:05:37]} Bxf3 {[%clk 0:52:59]} 14. Qxf3 {[%clk 1:06:00]} g6
{[%clk 0:53:13]} 15. Bh6 {[%clk 0:52:35]} Re8 {[%clk 0:51:40]} 16. Red1
{[%clk 0:43:31]} N7b6 {[%clk 0:38:39]} 17. a3 Qc7 {[%clk 0:24:10]} 18. Bc2
{[%clk 0:30:52]} Bh8 {[%clk 0:20:57]} 19. h4 {[%clk 0:29:34]} Re6
{[%clk 0:19:31]} 20. h5 {[%clk 0:28:11]} Rae8 {[%clk 0:19:48]} 21. hxg6
{[%clk 0:26:51]} hxg6 {[%clk 0:20:04]} 22. Ne4 {[%clk 0:24:51]} Nc4
{[%clk 0:17:22]} 23. Ng5 {[%clk 0:21:56]} Rf6 {[%clk 0:16:49]} 24. Re1
{[%clk 0:13:25]} Qc8 {[%clk 0:12:53]} 25. Qh3 {[%clk 0:11:18]} Nd6
{[%clk 0:12:28]} 26. Rxe8+ {[%clk 0:07:06]} Qxe8 {[%clk 0:12:49]} 27. Bf8
{[%clk 0:07:20]} Nf4 {[%clk 0:11:44]} 28. Qh7+ {[%clk 0:06:18]} Kxf8
{[%clk 0:12:10]} 29. Qxh8+ {[%clk 0:06:37]} Ke7 {[%clk 0:12:35]} 30. Re1+
{[%clk 0:05:41]} Ne6 {[%clk 0:12:56]} 31. Qh4 {[%clk 0:04:01]} Kd7
{[%clk 0:11:55]} 32. Bb3 {[%clk 0:02:33]} Qe7 {[%clk 0:09:40]} 33. d5
{[%clk 0:02:03]} cxd5 {[%clk 0:09:46]} 34. Bxd5 {[%clk 0:02:12]} Kc7
{[%clk 0:08:15]} 35. Rc1+ {[%clk 0:02:08]} Kb8 {[%clk 0:07:53]} 36. Nh7
{[%clk 0:01:12]} g5 {[%clk 0:07:36]} 37. Nxg5 {[%clk 0:01:17]} Nf4
{[%clk 0:06:01]} 38. Qh8+ {[%clk 0:01:19]} Ne8 {[%clk 0:06:24]} 39. Bf3
{[%clk 0:01:13]} a6 {[%clk 0:03:29]} 40. Qh4 {[%clk 0:00:50]} Rf5
{[%clk 0:03:08]} 41. Rc4 {[%clk 0:26:24]} Ng6 {[%clk 0:27:36]} 42. Qg3+
{[%clk 0:25:53]} Ka7 {[%clk 0:27:25]} 43. Rb4 {[%clk 0:16:00]} b6
{[%clk 0:24:10]} 44. Rxb6 {[%clk 0:05:38]} Kxb6 {[%clk 0:23:42]} 45. Qb8+
{[%clk 0:06:03]} Ka5 {[%clk 0:23:48]} 46. b4+ {[%clk 0:01:06]} Ka4
{[%clk 0:24:09]} 47. Bd1+ {[%clk 0:01:11]} Kxa3 {[%clk 0:24:31]} 48. Qg3+
{[%clk 0:01:38]} Kxb4 {[%clk 0:24:27]} 49. Qb3+ {[%clk 0:01:31]} Ka5
{[%clk 0:22:58]} 50. Nf3 {[%clk 0:00:52]} Rb5 {[%clk 0:21:52]} 51. Qd3
{[%clk 0:00:49]} Qd6 {[%clk 0:20:17]} 52. Qc3+ {[%clk 0:00:43]} Kb6
{[%clk 0:20:21]} 53. Bc2 {[%clk 0:00:34]} Rc5 {[%clk 0:19:56]} 54. Qb3+
{[%clk 0:00:42]} Ka7 {[%clk 0:19:15]} 55. Qxf7+ {[%clk 0:01:01]} Ne7
{[%clk 0:18:37]} 56. Nd4 {[%clk 0:00:39]} Nc7 {[%clk 0:18:24]} 57. Qg7
{[%clk 0:00:32]} Nc6 {[%clk 0:15:59]} 58. Nf5 {[%clk 0:00:41]} Qf4
{[%clk 0:13:53]} 59. g3 {[%clk 0:00:35]} Qe5 {[%clk 0:14:05]} 0-1

[Event "WCO2014"]
[Site "Tromso"]
[Date "2014.08.12"]
[Round "10.18"]
[WhiteID "411850"]
[White "Smith Olivia"]
[BlackID "502324"]
[Black "Puuska Heini"]
[Result "1/2-1/2"]
[LiveChessVersion "1.4.3"]
[BlackElo "1975"]
[WhiteElo "1968"]

1. Nf3 {[%clk 1:30:57]} d5 {[%clk 1:29:56]} 2. g3 {[%clk 1:30:59]} Nf6
{[%clk 1:28:21]} 3. Bg2 {[%clk 1:30:41]} e6 {[%clk 1:26:54]} 4. d3
{[%clk 1:30:23]} Be7 {[%clk 1:26:27]} 5. Nbd2 {[%clk 1:30:10]} O-O
{[%clk 1:25:30]} 6. O-O {[%clk 1:29:58]} b6 {[%clk 1:24:31]} 7. e4
{[%clk 1:28:26]} Bb7 {[%clk 1:23:54]} 8. e5 {[%clk 1:27:48]} Nfd7
{[%clk 1:23:33]} 9. Re1 {[%clk 1:26:46]} c5 {[%clk 1:22:52]} 10. Nf1
{[%clk 1:25:15]} Nc6 {[%clk 1:21:30]} 11. h4 {[%clk 1:24:53]} Re8
{[%clk 1:10:36]} 12. N1h2 {[%clk 1:20:52]} f6 {[%clk 1:02:39]} 13. exf6
{[%clk 1:13:19]} Bxf6 {[%clk 1:02:45]} 14. Ng5 {[%clk 1:12:55]} Nf8
{[%clk 0:52:59]} 15. Ng4 {[%clk 1:08:59]} h6 {[%clk 0:47:40]} 16. Nh3
{[%clk 1:08:52]} Nd4 {[%clk 0:36:46]} 17. h5 {[%clk 0:57:35]} Nf5
{[%clk 0:29:59]} 18. c3 {[%clk 0:56:02]} Rc8 {[%clk 0:29:07]} 19. Qf3
{[%clk 0:43:58]} Rc7 {[%clk 0:27:56]} 20. Nxf6+ {[%clk 0:39:52]} gxf6
{[%clk 0:25:58]} 21. Qf4 {[%clk 0:38:40]} Rh7 {[%clk 0:22:55]} 22. g4
{[%clk 0:34:46]} Ng7 {[%clk 0:22:49]} 23. Qg3 {[%clk 0:30:43]} e5
{[%clk 0:21:52]} 24. f4 {[%clk 0:30:41]} exf4 {[%clk 0:17:22]} 25. Rxe8
{[%clk 0:26:50]} Nxe8 {[%clk 0:14:22]} 26. Bxf4 {[%clk 0:26:03]} Ne6
{[%clk 0:13:44]} 27. Re1 {[%clk 0:22:20]} Ng5 {[%clk 0:11:07]} 28. Qe3
{[%clk 0:20:08]} Kf8 {[%clk 0:11:12]} 29. Nf2 {[%clk 0:13:56]} Re7
{[%clk 0:09:11]} 30. Qxe7+ {[%clk 0:13:58]} Qxe7 {[%clk 0:09:38]} 31. Rxe7
{[%clk 0:14:22]} Kxe7 {[%clk 0:10:03]} 32. Bb8 {[%clk 0:13:41]} a6
{[%clk 0:09:33]} 33. Ba7 {[%clk 0:12:59]} Ne6 {[%clk 0:05:42]} 34. Bxb6
{[%clk 0:12:40]} Nd6 {[%clk 0:05:55]} 35. Kh2 {[%clk 0:06:09]} f5
{[%clk 0:05:29]} 36. gxf5 {[%clk 0:06:12]} Nxf5 {[%clk 0:05:45]} 37. Ng4
{[%clk 0:04:00]} Kd6 {[%clk 0:05:37]} 38. b4 {[%clk 0:03:24]} cxb4
{[%clk 0:05:50]} 39. cxb4 {[%clk 0:03:48]} Nf4 {[%clk 0:05:40]} 40. Bc5+
{[%clk 0:01:07]} Ke6 {[%clk 0:04:47]} 41. Bf8 {[%clk 0:26:01]} Nxh5
{[%clk 0:31:32]} 42. Nxh6 {[%clk 0:25:57]} Nf4 {[%clk 0:30:00]} 43. Nxf5
{[%clk 0:25:10]} Kxf5 {[%clk 0:30:14]} 44. Bf1 {[%clk 0:24:29]} Kg4
{[%clk 0:27:30]} 45. Bd6 {[%clk 0:21:19]} 1/2-1/2

[Event "WCO2014"]
[Site "Tromso"]
[Date "2014.08.12"]
[Round "10.19"]
[WhiteID "34101737"]
[White "Nazarova Anastasia"]
[BlackID "414930"]
[Black "Blackburn Suzie G."]
[Result "0-1"]
[LiveChessVersion "1.4.3"]
[BlackElo "1971"]
[WhiteElo "1904"]

1. e4 {[%clk 1:30:57]} e6 {[%clk 1:30:53]} 2. d3 {[%clk 1:31:18]} c5
{[%clk 1:31:09]} 3. Nd2 {[%clk 1:31:32]} Nc6 {[%clk 1:31:07]} 4. Ngf3
{[%clk 1:31:42]} g6 {[%clk 1:29:53]} 5. g3 {[%clk 1:31:56]} Bg7 {[%clk 1:30:18]}
6. Bg2 {[%clk 1:32:15]} Nge7 {[%clk 1:30:23]} 7. O-O {[%clk 1:32:27]} O-O
{[%clk 1:30:05]} 8. Re1 {[%clk 1:31:18]} d5 {[%clk 1:29:05]} 9. c3
{[%clk 1:30:49]} b6 {[%clk 1:23:09]} 10. Qe2 {[%clk 1:30:50]} Ba6
{[%clk 1:22:03]} 11. e5 {[%clk 1:27:48]} Rc8 {[%clk 1:20:25]} 12. Nf1
{[%clk 1:27:32]} d4 {[%clk 1:17:53]} 13. c4 {[%clk 1:26:49]} b5 {[%clk 1:17:53]}
14. b3 bxc4 15. bxc4 {[%clk 1:27:21]} Rb8 {[%clk 1:10:01]} 16. Bf4
{[%clk 1:27:21]} Qa5 {[%clk 1:06:30]} 17. h4 {[%clk 1:26:37]} Rb6
{[%clk 0:54:26]} 18. Rad1 {[%clk 1:21:50]} Rfb8 {[%clk 0:52:42]} 19. Rd2
{[%clk 1:22:09]} Qa3 {[%clk 0:51:48]} 20. Red1 {[%clk 1:22:12]} Rb2
{[%clk 0:44:56]} 21. N1h2 {[%clk 1:12:21]} Rxd2 {[%clk 0:34:48]} 22. Rxd2
{[%clk 1:10:57]} Rb1+ {[%clk 0:33:49]} 23. Bf1 {[%clk 1:10:49]} Bb7
{[%clk 0:28:29]} 24. Bg5 {[%clk 1:00:12]} h6 {[%clk 0:21:42]} 25. Bf6
{[%clk 0:58:31]} Kh7 {[%clk 0:20:51]} 26. Ng4 {[%clk 0:52:11]} Ng8
{[%clk 0:21:04]} 27. h5 {[%clk 0:34:08]} Nce7 {[%clk 0:19:18]} 28. hxg6+
{[%clk 0:33:02]} Nxg6 {[%clk 0:19:25]} 29. Nfh2 {[%clk 0:29:14]} Qc1
{[%clk 0:16:10]} 30. Bxg7 {[%clk 0:27:41]} Kxg7 {[%clk 0:16:15]} 31. f4
{[%clk 0:27:56]} Qe1 {[%clk 0:12:40]} 32. Qxe1 {[%clk 0:25:45]} Rxe1
{[%clk 0:13:05]} 33. Rb2 {[%clk 0:25:55]} Bc6 {[%clk 0:13:07]} 34. Kf2
{[%clk 0:25:12]} Rc1 {[%clk 0:12:47]} 35. Ke2 {[%clk 0:24:32]} h5
{[%clk 0:11:13]} 36. Nf2 {[%clk 0:22:49]} h4 {[%clk 0:10:16]} 37. gxh4
{[%clk 0:21:38]} Nxf4+ {[%clk 0:10:00]} 38. Kd2 {[%clk 0:22:00]} Ra1
{[%clk 0:08:48]} 39. Nd1 {[%clk 0:14:29]} Ne7 {[%clk 0:07:46]} 40. Be2
{[%clk 0:06:20]} Neg6 {[%clk 0:06:16]} 41. h5 {[%clk 0:03:49]} Nxe5
{[%clk 0:03:57]} 42. Nf2 {[%clk 0:03:21]} f5 {[%clk 0:01:28]} 43. Rc2
{[%clk 0:29:15]} Kh6 {[%clk 0:30:40]} 44. Rb2 {[%clk 0:26:30]} a5
{[%clk 0:28:51]} 45. Rc2 {[%clk 0:25:30]} a4 {[%clk 0:29:14]} 46. a3
{[%clk 0:23:50]} Rxa3 {[%clk 0:28:19]} 47. Rb2 {[%clk 0:24:08]} Ra1
{[%clk 0:28:37]} 48. Bd1 {[%clk 0:23:42]} Nfxd3 {[%clk 0:25:08]} 49. Nxd3
{[%clk 0:24:01]} Nxc4+ {[%clk 0:22:22]} 50. Kc2 {[%clk 0:23:27]} Nxb2
{[%clk 0:18:45]} 51. Nxb2 {[%clk 0:23:39]} Be4+ {[%clk 0:19:09]} 52. Kd2
{[%clk 0:23:40]} Ra2 {[%clk 0:19:31]} 53. Kc1 {[%clk 0:23:51]} a3
{[%clk 0:19:25]} 54. Nc4 {[%clk 0:23:55]} Ra1+ {[%clk 0:18:59]} 55. Kd2
{[%clk 0:24:03]} Rxd1+ {[%clk 0:19:15]} 0-1

[Event "WCO2014"]
[Site "Tromso"]
[Date "2014.08.12"]
[Round "10.20"]
[WhiteID "1800191"]
[White "Roberts Lynda"]
[BlackID "507466"]
[Black "Kujasalo Marjatta"]
[Result "1-0"]
[LiveChessVersion "1.4.3"]
[BlackElo "1663"]
[WhiteElo "1920"]

1. e4 {[%clk 1:30:56]} e6 {[%clk 1:29:56]} 2. d3 {[%clk 1:31:26]} d5
{[%clk 1:29:26]} 3. Nd2 {[%clk 1:31:52]} g6 {[%clk 1:29:00]} 4. g3
{[%clk 1:32:01]} Bg7 {[%clk 1:29:16]} 5. Bg2 {[%clk 1:31:58]} Ne7
{[%clk 1:28:55]} 6. f4 {[%clk 1:31:37]} c5 {[%clk 1:26:51]} 7. Ngf3 Nbc6
{[%clk 1:26:38]} 8. O-O {[%clk 1:30:13]} O-O {[%clk 1:25:56]} 9. c3
{[%clk 1:28:24]} b6 {[%clk 1:24:20]} 10. Nh4 {[%clk 1:26:28]} Ba6
{[%clk 1:23:40]} 11. Rf3 {[%clk 1:17:15]} dxe4 {[%clk 1:20:35]} 12. dxe4
{[%clk 1:15:00]} Qc7 {[%clk 1:19:31]} 13. Qa4 {[%clk 1:12:32]} Bb7
{[%clk 1:18:20]} 14. Rd3 {[%clk 1:10:19]} Rad8 {[%clk 1:17:25]} 15. Rxd8
{[%clk 1:10:33]} Rxd8 {[%clk 1:17:37]} 16. e5 {[%clk 1:10:19]} Nd5
{[%clk 1:12:12]} 17. Ne4 {[%clk 1:08:40]} f6 {[%clk 1:05:07]} 18. c4
{[%clk 1:03:39]} Ndb4 {[%clk 1:03:48]} 19. exf6 {[%clk 1:02:54]} Bf8
{[%clk 1:02:49]} 20. Be3 {[%clk 0:58:41]} Na5 {[%clk 0:53:22]} 21. Ng5
{[%clk 0:46:55]} Bc8 {[%clk 0:48:30]} 22. Bh3 {[%clk 0:35:34]} Qd6
{[%clk 0:46:36]} 23. Bg4 {[%clk 0:29:44]} Qd3 {[%clk 0:43:03]} 24. Ng2
{[%clk 0:27:48]} Nc2 {[%clk 0:37:58]} 25. Rd1 {[%clk 0:23:11]} Qxd1+
{[%clk 0:30:26]} 26. Bxd1 {[%clk 0:23:20]} Rxd1+ {[%clk 0:30:52]} 27. Kf2
{[%clk 0:23:10]} Nxe3 {[%clk 0:30:07]} 28. Kxe3 {[%clk 0:21:16]} Rd4
{[%clk 0:29:44]} 29. Qe8 {[%clk 0:17:09]} Nxc4+ {[%clk 0:28:50]} 30. Kf2
{[%clk 0:15:51]} Nd6 {[%clk 0:29:03]} 31. f7+ {[%clk 0:14:00]} Kg7
{[%clk 0:29:00]} 32. Nxe6+ {[%clk 0:13:25]} Bxe6 {[%clk 0:28:51]} 33. Qxe6
{[%clk 0:13:16]} Nxf7 {[%clk 0:28:03]} 34. Qb3 {[%clk 0:07:58]} Nd6
{[%clk 0:25:37]} 35. Ne3 {[%clk 0:06:36]} Ne4+ {[%clk 0:24:25]} 36. Ke2
{[%clk 0:05:49]} Bd6 {[%clk 0:17:38]} 37. Nc4 {[%clk 0:04:37]} Be7
{[%clk 0:16:49]} 38. Ne5 {[%clk 0:03:51]} Nd6 {[%clk 0:12:59]} 39. Qe6
{[%clk 0:02:30]} Bf6 {[%clk 0:08:48]} 40. Qd7+ {[%clk 0:02:32]} Kg8
{[%clk 0:06:56]} 41. Qe6+ {[%clk 0:01:32]} Kg7 {[%clk 0:07:05]} 42. Qd7+
{[%clk 0:00:58]} Kg8 {[%clk 0:06:24]} 43. Qxa7 {[%clk 0:30:57]} Re4+
{[%clk 0:24:56]} 44. Kf3 {[%clk 0:28:55]} Rb4 {[%clk 0:24:10]} 45. Qb8+
{[%clk 0:28:11]} 1-0

[Event "WCO2014"]
[Site "Tromso"]
[Date "2014.08.12"]
[Round "10.36"]
[WhiteID "14100754"]
[White "Baklanova Tatiana"]
[BlackID "5105994"]
[Black "Garcia Morales Ivette"]
[Result "1/2-1/2"]
[LiveChessVersion "1.4.3"]
[BlackElo "2113"]
[WhiteElo "2229"]

1. d4 {[%clk 1:30:56]} Nf6 {[%clk 1:30:52]} 2. c4 {[%clk 1:31:23]} e6
{[%clk 1:31:18]} 3. Nc3 {[%clk 1:31:51]} Bb4 {[%clk 1:31:46]} 4. e3
{[%clk 1:32:17]} c5 {[%clk 1:31:56]} 5. Bd3 {[%clk 1:32:01]} O-O {[%clk 1:31:52]}
6. Nge2 {[%clk 1:32:14]} cxd4 {[%clk 1:31:47]} 7. exd4 {[%clk 1:32:30]} d5
{[%clk 1:31:58]} 8. O-O {[%clk 1:27:40]} dxc4 {[%clk 1:23:56]} 9. Bxc4
{[%clk 1:28:04]} Nc6 {[%clk 1:22:09]} 10. Bg5 {[%clk 1:26:40]} Be7
{[%clk 1:22:05]} 11. a3 {[%clk 1:23:10]} Nd5 {[%clk 1:16:10]} 12. Bxe7
{[%clk 1:23:18]} Ncxe7 {[%clk 1:16:23]} 13. Ne4 {[%clk 1:14:11]} Bd7
{[%clk 1:14:12]} 14. Qd3 {[%clk 1:13:02]} Bc6 {[%clk 1:13:50]} 15. Rac1
{[%clk 1:09:36]} Nf5 {[%clk 1:09:25]} 16. g3 {[%clk 1:00:41]} Nd6
{[%clk 1:02:54]} 17. Nxd6 {[%clk 0:52:34]} Qxd6 {[%clk 1:03:22]} 18. Bb5
{[%clk 0:52:57]} Rac8 {[%clk 0:58:48]} 19. Rc5 {[%clk 0:52:07]} a6
{[%clk 0:54:06]} 20. Bxc6 {[%clk 0:51:39]} Rxc6 {[%clk 0:54:29]} 21. Rxc6
{[%clk 0:49:03]} Qxc6 {[%clk 0:54:52]} 22. Rc1 {[%clk 0:49:29]} Qd7
{[%clk 0:49:17]} 23. Qc4 {[%clk 0:46:05]} Rd8 {[%clk 0:47:53]} 24. Qc5
{[%clk 0:35:13]} h6 {[%clk 0:46:21]} 25. Rc4 {[%clk 0:35:20]} Kh7
{[%clk 0:37:16]} 26. h4 {[%clk 0:34:25]} Qd6 {[%clk 0:28:55]} 27. b4
{[%clk 0:31:02]} b5 {[%clk 0:18:38]} 28. Rc1 {[%clk 0:25:47]} Nb6
{[%clk 0:17:44]} 29. Qxd6 {[%clk 0:23:07]} Rxd6 {[%clk 0:18:12]} 30. Rc7
{[%clk 0:23:32]} Kg8 {[%clk 0:13:29]} 31. Kg2 {[%clk 0:21:58]} Nc4
{[%clk 0:12:21]} 32. a4 {[%clk 0:22:09]} Na3 {[%clk 0:10:29]} 33. a5
{[%clk 0:21:23]} Nc4 {[%clk 0:09:31]} 34. Ra7 {[%clk 0:18:47]} Na3
{[%clk 0:08:10]} 35. Rc7 {[%clk 0:18:44]} Nc4 {[%clk 0:08:33]} 36. Kf3
{[%clk 0:18:09]} Kf8 {[%clk 0:08:29]} 37. g4 {[%clk 0:14:52]} e5 {[%clk 0:06:28]}
38. Ke4 {[%clk 0:14:14]} Nd2+ {[%clk 0:04:37]} 39. Ke3 {[%clk 0:14:23]} Nc4+
{[%clk 0:04:41]} 40. Ke4 {[%clk 0:12:37]} Nd2+ {[%clk 0:04:56]} 41. Ke3
{[%clk 0:12:33]} Nc4+ {[%clk 0:05:11]} 42. Ke4 {[%clk 0:10:26]} Nd2+
{[%clk 0:05:34]} 1/2-1/2

[Event "WCO2014"]
[Site "Tromso"]
[Date "2014.08.12"]
[Round "10.35"]
[WhiteID "5104297"]
[White "Guerrero Rodriguez Alejandra"]
[BlackID "24622788"]
[Black "Mucha Annegret"]
[Result "0-1"]
[LiveChessVersion "1.4.3"]
[BlackElo "2008"]
[WhiteElo "2089"]

1. e4 {[%clk 1:30:58]} c5 {[%clk 1:30:50]} 2. Nf3 {[%clk 1:31:07]} d6
{[%clk 1:31:07]} 3. d4 {[%clk 1:31:22]} cxd4 {[%clk 1:31:24]} 4. Qxd4
{[%clk 1:31:46]} Nc6 {[%clk 1:23:17]} 5. Bb5 {[%clk 1:31:51]} Bd7
{[%clk 1:23:21]} 6. Qd3 {[%clk 1:31:51]} a6 {[%clk 1:21:31]} 7. Bxc6
{[%clk 1:32:10]} Bxc6 {[%clk 1:21:17]} 8. c4 {[%clk 1:32:10]} Nf6
{[%clk 1:10:46]} 9. Nc3 {[%clk 1:31:51]} g6 {[%clk 1:11:00]} 10. h3
{[%clk 1:30:59]} Bg7 {[%clk 1:10:59]} 11. O-O {[%clk 1:29:51]} O-O
{[%clk 1:10:03]} 12. Rb1 {[%clk 1:29:00]} Nd7 {[%clk 0:55:21]} 13. Qe3
{[%clk 1:17:31]} Qb6 {[%clk 0:48:00]} 14. Nd5 {[%clk 1:06:38]} Bxd5
{[%clk 0:40:37]} 15. exd5 {[%clk 1:02:50]} Qxe3 {[%clk 0:34:54]} 16. Bxe3
{[%clk 1:03:11]} Rfc8 {[%clk 0:30:26]} 17. Rfc1 {[%clk 1:02:14]} b5
{[%clk 0:27:20]} 18. b3 {[%clk 0:58:20]} Nc5 {[%clk 0:23:14]} 19. cxb5
{[%clk 0:54:52]} axb5 {[%clk 0:23:30]} 20. Nd4 {[%clk 0:54:30]} Bxd4
{[%clk 0:21:04]} 21. Bxd4 {[%clk 0:54:44]} Nd3 {[%clk 0:21:14]} 22. Rxc8+
{[%clk 0:29:09]} Rxc8 {[%clk 0:21:36]} 23. g3 {[%clk 0:28:08]} Nb4
{[%clk 0:12:36]} 24. a4 {[%clk 0:27:43]} bxa4 {[%clk 0:12:38]} 25. bxa4
{[%clk 0:28:06]} Nxd5 {[%clk 0:12:42]} 26. Rb7 {[%clk 0:26:10]} e5
{[%clk 0:10:29]} 27. Ba7 {[%clk 0:26:02]} Rc1+ {[%clk 0:04:03]} 28. Kg2
{[%clk 0:25:33]} Ra1 {[%clk 0:04:29]} 29. Bb8 {[%clk 0:25:20]} Rxa4
{[%clk 0:04:34]} 30. Bxd6 {[%clk 0:25:40]} f6 {[%clk 0:02:40]} 31. Bc5
{[%clk 0:23:34]} Rc4 {[%clk 0:01:48]} 32. Ba3 {[%clk 0:19:59]} Rc7
{[%clk 0:01:40]} 33. Rb5 {[%clk 0:20:07]} Ne7 {[%clk 0:00:51]} 34. h4
{[%clk 0:18:04]} Kf7 {[%clk 0:01:14]} 35. Rb8 {[%clk 0:17:44]} Nc6
{[%clk 0:00:41]} 36. Rb6 {[%clk 0:16:16]} Nd4 {[%clk 0:00:55]} 37. Bd6
{[%clk 0:16:23]} Rd7 {[%clk 0:01:00]} 38. g4 {[%clk 0:15:59]} Ne6
{[%clk 0:01:07]} 39. g5 {[%clk 0:14:43]} fxg5 {[%clk 0:01:21]} 40. hxg5
{[%clk 0:15:05]} e4 {[%clk 0:00:38]} 41. Kg3 {[%clk 0:08:02]} Nxg5
{[%clk 0:30:39]} 42. Kf4 {[%clk 0:39:22]} Ne6+ {[%clk 0:29:17]} 43. Kxe4
{[%clk 0:39:36]} h5 {[%clk 0:29:06]} 44. Kd5 {[%clk 0:37:34]} Ng7
{[%clk 0:26:46]} 45. Ke5 {[%clk 0:34:32]} Ne8 {[%clk 0:24:46]} 46. Bc5
{[%clk 0:33:56]} Rc7 {[%clk 0:22:20]} 47. Be3 {[%clk 0:33:11]} Re7+
{[%clk 0:22:17]} 48. Kf4 {[%clk 0:32:53]} Nc7 {[%clk 0:21:27]} 49. Kg5
{[%clk 0:29:40]} Ne6+ {[%clk 0:20:08]} 50. Kh6 {[%clk 0:26:18]} Re8
{[%clk 0:17:01]} 51. Rb7+ {[%clk 0:21:09]} Kf6 {[%clk 0:16:49]} 52. Kh7
{[%clk 0:21:00]} h4 {[%clk 0:15:08]} 53. Bc1 {[%clk 0:17:06]} Re7+
{[%clk 0:12:27]} 54. Rxe7 {[%clk 0:14:50]} Kxe7 {[%clk 0:12:53]} 55. Bb2
{[%clk 0:10:20]} Nf4 {[%clk 0:11:56]} 56. Be5 {[%clk 0:06:37]} g5
{[%clk 0:12:21]} 57. Kh6 {[%clk 0:06:28]} h3 {[%clk 0:12:37]} 58. Kxg5
{[%clk 0:06:52]} h2 {[%clk 0:13:00]} 59. Bxf4 {[%clk 0:07:04]} h1=Q
{[%clk 0:13:24]} 60. Kg4 {[%clk 0:05:41]} Qg2+ {[%clk 0:12:28]} 61. Bg3
{[%clk 0:05:30]} Ke6 62. f3 {[%clk 0:04:53]} Kf6 {[%clk 0:11:05]} 63. f4
{[%clk 0:04:28]} Qe2+ {[%clk 0:11:20]} 64. Kh3 {[%clk 0:04:22]} Kf5
{[%clk 0:11:27]} 65. Bh4 {[%clk 0:04:11]} Qg4+ {[%clk 0:11:46]} 0-1

[Event "WCO2014"]
[Site "Tromso"]
[Date "2014.08.12"]
[Round "10.34"]
[WhiteID "14124530"]
[White "Myronenko Natalya"]
[BlackID "5104084"]
[Black "Duran Juarez Citlali"]
[Result "0-1"]
[LiveChessVersion "1.4.3"]
[BlackElo "1982"]
[WhiteElo "1942"]

1. e4 {[%clk 1:30:54]} e5 {[%clk 1:30:55]} 2. Nf3 {[%clk 1:31:15]} Nc6
{[%clk 1:31:18]} 3. Bc4 {[%clk 1:31:19]} Bc5 {[%clk 1:31:39]} 4. c3
{[%clk 1:31:22]} Nf6 {[%clk 1:31:58]} 5. d3 {[%clk 1:31:45]} O-O {[%clk 1:31:33]}
6. O-O {[%clk 1:31:20]} d5 {[%clk 1:31:30]} 7. exd5 {[%clk 1:30:13]} Nxd5
{[%clk 1:31:47]} 8. Re1 {[%clk 1:27:50]} Bg4 {[%clk 1:30:09]} 9. h3
{[%clk 1:26:43]} Bh5 {[%clk 1:28:36]} 10. g4 {[%clk 1:22:02]} Bg6
{[%clk 1:28:49]} 11. Nxe5 {[%clk 1:20:58]} Nxe5 {[%clk 1:27:11]} 12. Rxe5
{[%clk 1:20:44]} c6 {[%clk 1:27:18]} 13. Bxd5 {[%clk 1:13:57]} Bd6
{[%clk 1:26:58]} 14. Re1 {[%clk 1:09:10]} cxd5 {[%clk 1:27:03]} 15. Qf3
{[%clk 1:02:24]} f5 {[%clk 1:20:17]} 16. g5 {[%clk 0:57:43]} f4 {[%clk 1:17:03]}
17. h4 {[%clk 0:56:21]} Rf5 {[%clk 1:14:31]} 18. Qg4 {[%clk 0:52:56]} Qd7
{[%clk 1:02:29]} 19. Nd2 {[%clk 0:49:25]} Re8 {[%clk 0:54:05]} 20. Rxe8+
{[%clk 0:43:56]} Qxe8 {[%clk 0:54:16]} 21. Nf3 {[%clk 0:43:33]} Rf7
{[%clk 0:48:38]} 22. d4 {[%clk 0:42:16]} Bf5 {[%clk 0:40:29]} 23. Qg2
{[%clk 0:39:20]} Qe2 {[%clk 0:34:21]} 24. Ne5 {[%clk 0:37:03]} f3
{[%clk 0:26:56]} 25. Qf1 {[%clk 0:34:19]} Bxe5 {[%clk 0:24:24]} 26. dxe5
{[%clk 0:34:25]} Qe4 {[%clk 0:24:12]} 27. Bf4 {[%clk 0:18:48]} Qxf4
{[%clk 0:24:17]} 28. Qb5 {[%clk 0:19:09]} Bh3 {[%clk 0:21:10]} 29. Qe8+
{[%clk 0:19:05]} Rf8 {[%clk 0:21:31]} 0-1